Umarāʼ Miṣr fī al-Islām / (Record no. 49566)
[ view plain ]
| 000 -LEADER | |
|---|---|
| fixed length control field | 01195cam a22002891a 4500 |
| 001 - CONTROL NUMBER | |
| control field | ne 67000834 |
| 003 - CONTROL NUMBER IDENTIFIER | |
| control field | DLC |
| 005 - DATE AND TIME OF LATEST TRANSACTION | |
| control field | 20260227111831.0 |
| 008 - FIXED-LENGTH DATA ELEMENTS--GENERAL INFORMATION | |
| fixed length control field | 910508s1963 le b 000 0 arar |
| 010 ## - LIBRARY OF CONGRESS CONTROL NUMBER | |
| LC control number | ne 67000834 |
| 035 ## - SYSTEM CONTROL NUMBER | |
| System control number | (OCoLC)23718461 |
| 040 ## - CATALOGING SOURCE | |
| Original cataloging agency | DLC |
| Transcribing agency | MnU |
| Modifying agency | DLC |
| 042 ## - AUTHENTICATION CODE | |
| Authentication code | premarc |
| 043 ## - GEOGRAPHIC AREA CODE | |
| Geographic area code | f-ua--- |
| -- | a-sy--- |
| 050 00 - LIBRARY OF CONGRESS CALL NUMBER | |
| Classification number | DT95.5 |
| Item number | .I184 |
| 100 2# - MAIN ENTRY--PERSONAL NAME | |
| Personal name | Ibn Ṭūlūn, Shams al-Dīn Muḥammad ibn ʻAlī, |
| Dates associated with a name | 1485?-1546. |
| 245 10 - TITLE STATEMENT | |
| Title | Umarāʼ Miṣr fī al-Islām / |
| Statement of responsibility, etc. | li-Ibn Ṭūlūn. Tazwīj Fāṭimah bint al-Rasūl / lil-Imām al-Bāqir. Rasāʼil lil-ʻImād wa-al-Qāḍī al-Fāḍil bi-madḥ Dimashq / nasharahā Ṣalāh al-Dīn al-Munajjid. |
| 260 ## - PUBLICATION, DISTRIBUTION, ETC. | |
| Place of publication, distribution, etc. | Bayrūt : |
| Name of publisher, distributor, etc. | Dār al-Kitāb al-Jadīd, |
| Date of publication, distribution, etc. | [1963?] |
| 300 ## - PHYSICAL DESCRIPTION | |
| Extent | 86 p. ; |
| Dimensions | 25 cm. |
| 440 #0 - SERIES STATEMENT/ADDED ENTRY--TITLE | |
| Title | Rasāʼil wa-al-nuṣūs ; |
| Volume/sequential designation | 1 |
| 504 ## - BIBLIOGRAPHY, ETC. NOTE | |
| Bibliography, etc. note | Includes bibliographical references. |
| 651 #0 - SUBJECT ADDED ENTRY--GEOGRAPHIC NAME | |
| Geographic name | Egypt |
| General subdivision | History |
| Chronological subdivision | 640-1250. |
| 651 #0 - SUBJECT ADDED ENTRY--GEOGRAPHIC NAME | |
| Geographic name | Syria |
| General subdivision | History |
| -- | Sources. |
| 700 1# - ADDED ENTRY--PERSONAL NAME | |
| Personal name | Munajjid, Ṣalāḥ al-Dīn. |
| 700 02 - ADDED ENTRY--PERSONAL NAME | |
| Personal name | Muḥammad al-Bāqir ibn ʻAlī Zayn al-ʻĀbidīn, |
| Dates associated with a name | -731 or 732. |
| Title of a work | Tazwīj Fāṭimah bint al-Rasūl. |
| 740 0# - ADDED ENTRY--UNCONTROLLED RELATED/ANALYTICAL TITLE | |
| Uncontrolled related/analytical title | Rasāʼil lil-ʻImād wa-al-Qāḍī al-Fāḍil bi-madḥ Dimashq. |
No items available.